000 00354nam a2200133Ia 4500
008 230411s9999 xx 000 0 und d
041 _aeng
082 _aS/617.917/PHI/B03554
100 _aPhillips Nancymarie
245 _aBerry and Kohns Operating Room Technique
260 _bMosby
_aNew Delhi
_c2007
300 _a1024p
999 _c154410
_d154410